000 00395nam a22001457a 4500
020 _a0072304928
040 _aNUST
082 _a620.105
_bVEC
100 _aBeer, P Ferdinand
_935915
245 _aVector Mechanics for Engineers:
_bStatics & Dynamics
250 _a7th Edition
260 _aBoston:
_bMcGraw Hill,
_c2004.
650 _aVector Mechanics for Engineers
_991899
942 _2ddc
_cBK
999 _c609513
_d609513